000 00667nam a2200265 i 4500
001 C2-0283092
003 PPAK
005 20180728013311.0
008 071111s2003 enka|||| ||||| | eng d
020 _a1844771059
040 _aPPAK
_beng
_cPPAK
_erda
082 0 4 _a598
_223
090 0 0 _a598
_bGRE
_dRK
100 1 _aGreen, Jen,
_eauthor
245 1 0 _aBirds
264 1 _aLondon :
_bHermes House ,
_c2003
300 _a64 pages :
_bcolour illustrations ;
_c20 cm
336 _2rdacontent
_atext
337 _2rdamedia
_aunmediated
338 _2rdacarrier
_avolume
490 1 _aLearn about
650 1 0 _aBirds
830 0 _aLearn about
942 _ddc
_cB
999 _c89281
_d89281